00681nam a2200241 a 4500001001300000003000900013005001700022008004100039020000900080082001600089100001600105245003800121260004100159300000900200500003500209505001500244650001500259700001600274902000800290942000700298952011700305999001700422nice12345678IN_TiNIC20260116015048.0050524s1996 ahma grp 000 0 hin  ac2000a923.2bGAN1 aGandhi, M K aSatya Ke Prayog, Athwa Aatmakatha aAhmedabadbNavjivan Pub.House c1996 a432p aincludes index and biblioraphy2 aAppendices aGandhi M K1 aGandhi, M K bSRS cBK 001040708StackRoom-aHMIbHMId2007-06-06g20.00l0o923.2 GAN1p11000518r2007-06-06v20.00w2005-05-24yBK c18155d18155